[Event "Principal 03/04"]
[Site "?"]
[Date "2004.01.24"]
[Round "6"]
[White "Pierrugues, Laurent"]
[Black "Cortes, Antoine"]
[Result "0-1"]
[WhiteElo "1890"]
[BlackElo "2118"]
[PlyCount "84"]

1. Nf3 g6 2. g3 Bg7 3. Bg2 e5 4.
d3 4... Ne7 {4...d5 5.c4 d4 6.b4 Ne7 7.0-0 0-0 8.Nbd2 =} 5. O-O O-O 6. e4 d6
7. Nbd2 Nbc6 8. c3 h6 9. Rb1 Be6 10. b3 Qd7 11. Bb2 Bh3 12. d4 Bxg2 13. Kxg2
Rad8 14. d5 {Les Blancs gagnent de l'espace} 14... Nb8 $11 15. Ne1 f5 16. f3
16... h5 {16...c6!? 17.c4 Na6 =} 17. Nd3 Qe8 18. Qe2 g5 19. Rf2 {
19.Qe3 g4 20.fxg4 hxg4 +/=} 19... Nd7 20. Rbf1 20... Nf6 {
les Noirs preparent l'avance g4} 21. Kh1 g4 22. c4 $14 22... Qg6 23. exf5 Nxf5
24. Ne4 gxf3 25. Nxf6+ Rxf6 26. Rxf3 Rdf8 27. R3f2 27... Bh6 {
#
>= 27...Qg4 28.Qxg4 hxg4 =/+} 28. Ne1 $4 {
il y avait de meilleurs moyens pour maintenir la pression} (28. Nf4 exf4 (28...
Qf7 29. Nd3 $11) 29. gxf4 Re8 (29... Qf7 $6 30. Bxf6 Qxf6 31. Qxh5 $14 {
et avec R+2P contre 2 pieces mineures, les Blancs ont l'avantage grace au
futur controle de la colonneg}) 30. Qd2 Kh7 31. Bxf6 Qxf6 32. Re2 32... Rg8 $15
) 28... R6f7 $4 {redonne l'avantage a l'adversaire} (28... Qg4 $142 29. Rf3
R6f7 30. R3f2 30... e4 {la pointe, dans toutes les variantes} 31. Rg1 (31.
Qxg4+ 31... hxg4 {(/\...Nxg3+)} 32. Kg1 32... Be3 $19 {
et les Noirs gagnent la qualite}) 31... Be3 32. Qxg4+ hxg4 33. Rf4 Bxg1 34.
Kxg1 Ne3 35. Bc1 Rxf4 36. gxf4 36... Nf5 $19 {
avec la qualite et une bonne position pour les Noirs}) 29. Ng2 $15 29... Qg4
30. Qxg4+ hxg4 31. Kg1 c5 (31... b5 32. Re1 b4 (32... bxc4 33. bxc4 Ne7 34.
Rxf7 34... Kxf7 $11) 33. Re4 Kh7 34. Rf1 $15 (34. Rxg4 $2 34... Ne3 35. Rxf7+
Rxf7 36. Nxe3 Bxe3+ 37. Kh1 Rf1+ 38. Kg2 Rf2+ 39. Kh1 39... Rxb2 $19)) 32. Bc1
{>= 32.dxc6!? bxc6 33.Re1 =} 32... Bxc1 $17 33. Rxc1 Nd4 34. Rxf7 {
34.Rb2 Rf3 =/+} 34... Rxf7 $17 {
34...Kxf7?! est moins bon 35.Rf1+ Nf3+ 36.Kh1 Kg6 37.h4 =/+} 35. Rb1 Rf3 36.
Nh4 Rc3 37. Rf1 e4 38. Rf6 $2 (38. Nf5 $142 38... Rc2 $1 39. Nh6+ (39. Ne7+ Kg7
40. Rf2 Rc1+ 41. Rf1 Nf3+ 42. Kg2 Rc3 43. Rf2 (43. Nf5+ Kg6 44. Nh4+ Kg5 45.
Rf2 e3 46. Re2 Nd4 47. Re1 Rd3 48. Kf1 Nc2 49. Rc1 (49. Ng2 Nxe1 50. Nxe1 Rd2
51. Ng2 51... Rxa2 $19) 49... Rd2 50. Rxc2 50... Rxc2 $19) 43... e3 44. Re2 Nd4
45. Kf1 Kf6 46. Nc8 46... Ke5 $19) 39... Kg7 40. Nxg4 Nf3+ 41. Rxf3 exf3 42.
Ne3 Rxa2 43. Nf5+ Kf6 44. Nxd6 b6 45. Nb5 $19) 38... e3 $19 39. Rg6+ {
39.Rf1 Rd3 40.Re1 Nc2 -+} 39... Kf7 40. Rxg4 40... e2 {
>= 40...Rc1+ 41.Kg2 e2 42.Rf4+ Kg7 43.Rg4+ Kh6 44.Re4 e1Q -+ gagne la R noire
} 41. Re4 {41.Kf2 Rc1 42.Rf4+ Kg8 43.Ng2 Rf1+ 44.Ke3 Rg1 -+} 41... Rc1+ 42.
Kf2 Rf1+ (42... Rf1+ 43. Kg2 e1=Q 44. Rxe1 44... Rxe1 $19) 0-1

[Event "Principal 03/04"]
[Site "?"]
[Date "2004.01.24"]
[Round "6"]
[White "Zejneli, Skender"]
[Black "Chauvet, Jean-Marc"]
[Result "1/2-1/2"]
[WhiteElo "2100"]
[BlackElo "2020"]
[PlyCount "74"]

1. e4 e6 2. d4 d5 3. Nd2 c5 4.
exd5 Qxd5 5. Ngf3 Nc6 ({dans son livre, Fritz propose} 5... cxd4 6. Bc4 Qd6 7.
O-O Nf6 8. Nb3 Nc6 9. Nbxd4 Nxd4 10. Nxd4 a6 11. Re1 Qc7 12. Bb3 12... Bd6 $11)
6. Bc4 Qd8 7. Nb3 cxd4 8. Nfxd4 Bd7 9. Nb5 Qb8 10. Be3 a6 11. Nc3 Ne5 12. Be2
Bc6 13. O-O Nf6 14. Nd4 Bd6 15. g3 Nd5 16. Nxc6 Nxe3 17. Nxb8 Nxd1 18. Raxd1
Bxb8 19. Ne4 Ke7 20. b3 Rc8 21. c4 f5 22. Ng5 h6 23. Nf3 Nxf3+ 24. Bxf3 Ra7 25.
Rfe1 b5 26. Rd2 Kf6 27. Be2 Be5 28. Red1 b4 29. f4 Bc3 30. Rd7 Rcc7 31. Rxc7
Rxc7 32. Rd6 a5 33. Ra6 Ra7 34. Rc6 34... a4 {34...g5 35.fxg5 hxg5 36.c5 =/+}
35. c5 $11 35... axb3 36. axb3 Bd4+ 37. Kg2 37... Ra2 {
une partie qui laisse Fritz sans voix !} 1/2-1/2

[Event "Principal 03/04"]
[Site "?"]
[Date "2004.01.24"]
[Round "6"]
[White "Crapon, Laurent"]
[Black "Battaglia, Gerard"]
[Result "0-1"]
[WhiteElo "1780"]
[BlackElo "2040"]
[PlyCount "42"]

1. d4 Nf6 2. Nf3 g6 3. c4 c5
4. dxc5 Qa5+ 5. Nc3 5... Qxc5 $146 6. e3 Bg7 7. Be2 O-O 8. O-O 8... e6 {
8...b6 9.e4 Bb7 10.Be3 Qc8 11.Qc2 Nc6 +/=} 9. a3 {
9.e4 (verrouillant la case d5) Nc6 +/-} 9... d5 $14 {libere le jeu des Noirs}
10. cxd5 Nxd5 11. Nxd5 exd5 12. b4 Qe7 13. Ra2 Be6 14. Nd4 Nc6 15. Nxc6 {
15.Bb2 Ne5 +/=} 15... bxc6 $11 16. Qa4 d4 17. Rc2 Bd5 18. Rd1 Qe6 19. Qa6 $4
{>= 19.exd4 est le meilleur pour sauver la position Bb3 20.Qxc6 Rfe8 21.Qxe6
Rxe6 22.Rdd2 Bxc2 23.Rxc2 Bxd4 =/+} 19... Qe4 $19 {
une attaque double qui a echappe aux Blancs} 20. Bf3 Qxc2 21. Be2 Rfb8 (21...
Rfb8 22. Rf1 22... Rb6 $19) 0-1

[Event "Principal 03/04"]
[Site "?"]
[Date "2004.02.13"]
[Round "6"]
[White "Ferrero, Patrick"]
[Black "Vargin, Benjamin"]
[Result "1-0"]
[WhiteElo "2014"]
[BlackElo "1900"]
[PlyCount "57"]

1. d4 Nf6 2. Nf3 e6 3. c4 b6
4. a3 Bb7 5. Nc3 d6 (5... d5 6. cxd5 Nxd5 7. e3 Be7 8. Bb5+ c6 9. Bd3 Nxc3 10.
bxc3 c5 11. O-O Nc6 12. Qe2 $11) 6. Qc2 c5 7. e4 cxd4 8. Nxd4 a6 9. Be2 Nc6 10.
Be3 10... Qc7 $2 {10...Ne5 11.f4 Ned7 12.0-0 +/=} 11. O-O {
11.Nd5 exd5 12.cxd5 g6 +-} 11... Be7 $2 {11...Nxd4 12.Bxd4 Be7 13.a4 +/=}
12. f4 {>= 12.Nd5!? Qb8 13.Nxb6 +-} 12... Nd7 {
12...Nxd4 13.Bxd4 0-0 14.Rad1 +/=} 13. Rad1 Na5 14. b3 14... d5 {
>= 14...Rc8!? +/= semble etre une alternative viable} 15. exd5 $18 {
les Blancs obtiennent une attaque sur le K noir} 15... exd5 16. Nxd5 Bxd5 17.
cxd5 {Le pion passe en d5 deviendra une arme dangereuse} 17... Qxc2 18. Nxc2
Nxb3 19. d6 Bf6 20. Bg4 20... Nbc5 {#} 21. Bxc5 {21.Nb4 h5 22.Bf3 Rd8 +-}
21... Nxc5 22. Rfe1+ 22... Kd8 {>= 22...Kf8 23.Nb4 +-} 23. Nb4 {(/\ Nc6#)}
23... Ne6 24. Bxe6 fxe6 25. Rxe6 {
>= 25.d7!? a5 26.Nc6+ Kc7 27.Rxe6 Rhf8 28.g4 +-} 25... Kd7 26. f5 {
>= 26.Re3 +-} 26... Rhe8 $2 {
>= 26...Rae8!? 27.Nxa6 Rxe6 28.fxe6+ Kxe6 29.d7 Rd8 30.Nc7+ Kf7 +/=} 27. Nd5
$18 27... Rxe6 $4 {
les Noirs tombent 27...Bd8 28.Rxe8 Kxe8 29.d7+ Kf7 30.Nb4 +-} 28. fxe6+ (28.
Nxb6+ $6 {est faible} 28... Kc6 29. Nxa8 Rxd6 30. Rc1+ Kb5 31. Nc7+ 31... Ka4
$11) 28... Kxd6 29. Nxb6+ (29. Nxb6+ Kxe6 30. Nxa8 $18) 1-0

[Event "Principal 03/04"]
[Site "?"]
[Date "2004.01.24"]
[Round "6"]
[White "Girard, Jean-Pierre"]
[Black "Nguyen, Patrick"]
[Result "1-0"]
[WhiteElo "1989"]
[BlackElo "1860"]
[PlyCount "49"]

1. e4 c6 2. d4 d5 3. Nd2 dxe4
4. Nxe4 Nf6 5. Nxf6+ gxf6 6. Nf3 Bf5 7. Be2 Qc7 8. O-O e6 9. c4 Nd7 10. Be3 ({
ou bien} 10. d5 10... O-O-O 11. Be3 c5 12. b4 $14) 10... O-O-O 11. Qa4 Kb8 12.
b4 Nb6 13. Qb3 Bg4 (13... Rg8 14. Rfd1 Be4 15. g3 Qe7 16. Bf4+ Ka8 17. b5 cxb5
18. c5 Nd5 19. Bd6 Qd7 20. Bxb5 Qc8 21. Bxf8 Rgxf8 22. Nd2 Bg6 23. Nc4 Qc7 24.
Rac1 Ne7 25. Qa4 Nd5 26. c6 Ne7 27. cxb7+ Qxb7 28. Na5 {
Gazik,I-Anic,D/Cannes 1990/EXT 99/1/2-1/2 (60)}) 14. a4 $14 14... h5 {
14...Rg8!? +/=} 15. a5 Nc8 16. b5 Bh6 (16... cxb5 $5 17. cxb5 Qd6 18. b6 a6 (
18... axb6 $2 19. axb6 Qxb6 20. Qa2 Qa7 21. Qc4 Qb6 22. Rfb1 $18) 19. Rfc1 Ne7
20. Rc7 $16 {suivi de Rac1}) 17. Bxh6 $16 17... Rxh6 18. b6 axb6 19. axb6 Qxb6
(19... Nxb6 20. Rfb1 Nd7 21. c5 Bxf3 22. Bxf3 $18 {(/\ Ra6)} (22. gxf3 $6 22...
Rg6+ 23. Kh1 23... Rdg8 $16)) 20. Qe3 {#} 20... Rhh8 $4 {
mais meme un meilleur coup n'aurait pas sauve la partie.} (20... Rdh8 21. c5
Qd8 22. Qf4+ e5 (22... Qc7 $2 23. Ra8+ $18) 23. dxe5 Bxf3 (23... Qc7 24. Qa4
Qe7 (24... Na7 25. Qxa7+ Kc8 26. Rfb1 Bxf3 27. Rxb7 Qxb7 28. Ba6 Qxa6 29. Rxa6
Rd8 30. gxf3 $18) 25. Rfb1 $18 {et la menace Qa8+ est mortelle}) 24. Bxf3 fxe5
25. Qxe5+ Nd6 26. cxd6 26... Re8 $18 {et les Blancs ont une piece nette de plus
}) 21. Rfb1 Qc7 22. Qa3 Nb6 23. c5 23... Bxf3 {
23...Kc8 resiste un peu plus 24.Rxb6 Kd7 +-} 24. cxb6 (24. gxf3 $6 {
est mauvais} 24... Rhg8+ 25. Kf1 Qxh2 26. Qa7+ Kc8 27. Ba6 Rxd4 28. Bxb7+ Kd8
29. Qxb6+ Ke7 30. Bxc6 30... Rg1+ $16) 24... Qxb6 25. Rxb6 (25. Rxb6 c5 26.
Bxf3 Rd7 27. Rxb7+ Rxb7 28. Qa8+ Kc7 29. Qxb7+ Kd6 30. Ra6#) 1-0

[Event "Principal 03/04"]
[Site "?"]
[Date "2004.02.07"]
[Round "7"]
[White "Nguyen, Patrick"]
[Black "Pierrugues, Laurent"]
[Result "1/2-1/2"]
[WhiteElo "1860"]
[BlackElo "1890"]
[PlyCount "49"]

1. e4 e6 2. d4 d5 3. Nc3 Bb4 4.
Bd3 c5 5. a3 Bxc3+ 6. bxc3 Nc6 (6... c4 7. Be2 Qa5 8. Bd2 Nf6 9. e5 Ne4 10. Bh5
Nc6 11. Ne2 Bd7 12. f3 Nxd2 13. Qxd2 Qd8 14. f4 Qh4+ 15. Ng3 O-O-O 16. O-O g6
17. Bf3 Rdf8 18. Ne2 f5 19. exf6 Qxf6 20. g3 h6 21. Bg2 Qg7 22. Kh1 g5 23. Ng1
g4 24. f5 h5 25. fxe6 Bxe6 26. Rxf8+ Qxf8 27. Ne2 h4 28. Nf4 Qf5 29. gxh4 Rxh4
30. Nxe6 Qxe6 31. Qg5 Qh6 32. Qf5+ Kb8 33. Re1 Rxh2+ 34. Kg1 Rh5 35. Qf7 a6 36.
Bxd5 Nd8 37. Qd7 Qg5 38. Qd6+ Ka7 39. Qc5+ Kb8 40. Qd6+ Ka7 41. Qc5+ 41... Kb8
{1/2-1/2 Polgar,J-Kortschnoj,V/Prague 1995/CBM 48 (41)}) 7. exd5 Qxd5 8. Nf3
Nf6 (8... Bd7 9. c4 Qd6 10. dxc5 Qxc5 11. O-O Nf6 12. a4 Nd4 13. Ba3 Nxf3+ 14.
Qxf3 Qc7 15. h3 Bxa4 16. Qe3 Bc6 17. Bb2 b6 18. c5 Qb7 19. Ba6 Qd7 20. Rfd1 Nd5
21. Qg3 Bb7 22. c4 Bxa6 23. Rxa6 Qb7 24. cxd5 Qxa6 25. dxe6 Rf8 26. Qd6 Qb7 27.
Bxg7 Rg8 28. exf7+ Kxf7 29. Qf6+ {
1-0 Tartakower,S-Crepeaux,R/Ghent 1926/EXT 99 (29)}) (8... c4 9. Be2 Nf6 10.
O-O Ne4 11. Qe1 Na5 12. Ne5 b5 13. Bf3 Bb7 14. a4 a6 15. Ba3 f5 16. Qe3 Nc6 17.
Bxe4 Qxe4 18. Qg5 b4 19. Rfe1 Qd5 20. Nxc6 Bxc6 21. Bxb4 Qd7 22. Qxf5 Bd5 23.
Qg5 {Djuric,S-Roos,L/FRA 1994/EXT 99/1-0 (33)}) 9. O-O 9... h6 {Consolide g5}
10. Re1 O-O 11. c4 Qh5 12. dxc5 {12.c3 Rd8 +/= suivi de ...b6} 12... e5 $11
13. h3 {Securise g4} 13... Re8 14. Bb2 {La pression en e5 grandit} 14... Nd7 {
14...Bxh3 15.gxh3 e4 16.Bxf6 exf3 17.Kh2 Rxe1 18.Qxe1 gxf6 19.Rb1 Qxc5 20.
Rxb7 Qd6+ 21.Kh1 Qxa3 22.Be4 Qa6=} 15. Nd4 (15. Be4 $5 15... f6 (15... a5 16.
Bxc6 bxc6 17. Nxe5 Qxd1 18. Raxd1 Nxe5 19. Rxe5 19... Ba6 $16) 16. Bd5+ Kh8 17.
Nd4 Qxd1 18. Raxd1 Rb8 19. Nxc6 bxc6 20. Bxc6 Rxb2 21. Bxd7 Bxd7 22. Rxd7 $16)
15... Qg5 $14 16. Nxc6 {les Blancs ont l'initiative} 16... bxc6 17. Qf3 Nxc5
18. Bc1 Qe7 19. Qg3 19... Qf6 {19...Kh8 20.a4 Nxd3 21.cxd3 Bf5 22.Bb2 f6 =}
20. Bb2 $16 20... Nxd3 21. cxd3 Bf5 22. Bxe5 Qg6 23. d4 Rad8 24. c5 {
24.Qc3!? +/-} 24... Rd7 $6 {24...Qxg3!? 25.fxg3 Rd5 26.Bd6 +/=} 25. Qxg6
$16 (25. Qxg6 Bxg6 26. Bd6 f6 27. Rxe8+ Bxe8 28. Rb1 $16) 1/2-1/2

[Event "Principal 03/04"]
[Site "?"]
[Date "2004.02.07"]
[Round "7"]
[White "Vargin, Benjamin"]
[Black "Girard, Jean-Pierre"]
[Result "0-1"]
[WhiteElo "1900"]
[BlackElo "1976"]
[PlyCount "40"]

1. e4 c5 2. c3 Nf6 3. e5 Nd5 4.
d4 4... e6 {la variante principale est :  4...cxd4 5.Nf3 Nc6 6.Bc4 Nb6 7.Bb3
d5 8.exd6 Qxd6 9.0-0 Be6 10.Na3 Bxb3 11.Qxb3 Qd5 12.Nb5 Rc8 13.Nfxd4 Nxd4 14.
Nxd4 e6 =} 5. Nf3 Nc6 6. Be2 d6 7. c4 Ndb4 8. dxc5 dxe5 9. a3 Qxd1+ 10. Kxd1
e4 11. Ng5 {11.axb4 exf3 12.Bxf3 Nxb4 13.Be3 +/=} 11... Nd3 $11 12. b4 $4 {
>= 13.Nxe4 Nxc5 13.Nxc5 Bxc5 14.Be3 =} 12... Nxf2+ $19 13. Ke1 Nxh1 14. Nxe4
14... f5 {14...Nd4 15.Bd1 e5 16.Kf1 -+} 15. Ng5 {
sur 15.Nd6+ Bxd6 16.cxd6 Nd4 -+} 15... Be7 16. Ra2 16... Bf6 {16...a5 semble
mieux 17.b5 Nd4 18.Nf3 Nxe2 19.Rxe2 Bxc5 20.Be3 Bxe3 21.Rxe3 -+} 17. Rc2 {
sur 17.Kf1 h6 18.Nf3 e5 -+} 17... Nd4 18. Ra2 18... O-O {
>= 18...e5 19.Nf3 e4 20.Nxd4 Bxd4 21.Kf1 Be6 -+} 19. Kf1 Nb3 20. Be3 {
20.Bf4 ne sauve rien e5 21.Bf3 exf4 22.Bd5+ Kh8 23.Nf7+ Rxf7 24.Bxf7 a5 -+}
20... f4 $1 (20... f4 21. Bd2 21... Bxg5 $19) 0-1

[Event "Principal 03/04"]
[Site "?"]
[Date "2004.02.07"]
[Round "7"]
[White "Battaglia, Gerard"]
[Black "Ferrero, Patrick"]
[Result "1/2-1/2"]
[WhiteElo "2014"]
[BlackElo "2040"]
[PlyCount "130"]

1. d4 d5 2. c4 Bf5 3. cxd5 Bxb1 4. Rxb1
Qxd5 5. a3 Nc6 6. Nf3 6... O-O-O {Augmente la pression sur d4} 7. Be3 g6 8. Qc2
8... Bg7 {La pression en d4 grandit} 9. Rc1 Rd7 10. Qa4 {
10.b4 g5 11.Bxg5 Nxd4 12.Nxd4 Qxg5 13.Nf3 =} 10... e6 ({
le Pd4 est tout a fait prenable :} 10... Bxd4 11. Rd1 (11. Nxd4 Nxd4 12. f3
12... a6 $17) 11... e5 12. Bxd4 exd4 13. e3 13... Nge7 $15) 11. g3 {
11.Rc5 Qd6 =} 11... Nge7 12. Bg2 Qa5+ 13. Qxa5 Nxa5 14. Ng5 {
>= 14.Ne5!? Bxe5 15.dxe5 Rhd8 =} 14... Nf5 $17 15. Rc5 {15.Ne4 Nxd4 16.Nc5
Ndb3 17.Nxd7 Nxc1 18.Bxc1 Kxd7 -/+ avec un P de plus pour les Noirs} 15... b6
({maintenant} 15... Nxd4 $2 {est grave} 16. Bxd4 (16. Rxa5 $4 16... Nc2+ 17.
Kf1 Rd1#) 16... Bxd4 17. Rxa5 $16) ({Pas} 15... Nxe3 $6 16. fxe3 (16. Rxa5 $2 {
est tentant, mais} 16... Nxg2+ 17. Kf1 17... Nh4 $19) 16... b6 17. Rc2 $11) 16.
Rc2 $17 16... h6 17. b4 17... Nxd4 {>= 17...hxg5!? 18.bxa5 Nxd4 19.Bxd4 Rxd4
20.axb6 axb6 21.Bc6 (empeche ...Ra4) g4 -/+} 18. Bxd4 $15 18... Bxd4 19. Nxe6
fxe6 20. bxa5 Bc5 21. O-O 21... Rf8 {
mais pas 21...Bxa3? 22.axb6 a5 23.Rc6 +/-} 22. e3 22... Rd6 {
22...Rd3 23.a4 Ra3 =/+} 23. Rfc1 Rfd8 24. Bf3 Rd3 25. axb6 cxb6 26. a4 Ra3
27. Bc6 Rd6 28. Bb5 Kb7 29. Rc4 Ra2 30. R4c2 Rxc2 31. Rxc2 Rd1+ 32. Kg2 32...
a6 {32...Kc7 33.Rc4 =} 33. Be8 {
33.Bc4 Ra1 34.Ra2 Rxa2 35.Bxa2 e5 36.Bc4 +/=} 33... g5 $11 34. Rc4 Kc7 35.
Bf7 Kd7 36. h4 Ke7 37. Bh5 Rd2 38. hxg5 Bxe3 39. g6 Rxf2+ 40. Kh3 Rf8 41. Rc7+
{41.Re4!? Bc5 42.Bg4 =} 41... Kd6 $15 42. Ra7 a5 43. Be2 Rg8 44. Bd3 Bd4 45.
Kg4 Rg7 46. Ra8 Kc5 47. Kh5 Be3 48. Rh8 {#  48.Rf8 est un peu mieux Rd7 49.
Be4 Kd6 50.Rf7 +/= mais la presence des B de couleurs opposees presage la
nulle} 48... Rd7 $11 49. Be4 49... Kb4 {49...Bd4 50.Rh7 Rd8 51.Ra7 Rg8 52.
Kxh6 Rh8+ 53.Rh7 Rg8 54.g7 Kd6 55.Kg6 Ke7 +/=} 50. Rh7 50... Rxh7 $2 {
>= 50...Rd8 51.Rf7 Bd4 52.g7 Bxg7 53.Rxg4 Kxa4 +/- mais les P a et b des
Noirs devraient assurer assez de contre-jeu pour compenser la piece demoins}
51. gxh7 $18 51... Bd4 52. Bc6 Bh8 (52... Kc5 53. Bb5 $18) 53. Kxh6 53... e5 $4
(53... Kc5 {il faut ramener le roi !} 54. Bb5 Kd6 55. Kg6 Ke7 56. g4 Be5 57.
Bc4 Bc3 58. g5 Bh8 59. Kh6 Kf7 60. g6+ Kf6 61. Bd3 Bg7+ 62. Kh5 62... Bh8 {
+- d'apres Fritz, mais en fait les Blancs ne progressent plus, donc =} 63. Kg4
{la tentative de chercher les P noirs ne marche pas non plus} 63... Bg7 64. Kf4
Bh6+ 65. Ke4 Bg7 66. Kd4 Ke7+ 67. Kc4 Kd7 68. Kb5 68... Kc7 {+- d'apres Fritz,
mais les Noirs n'ont qu'a jouer Bg7-h8 a repetition pour tout tenir, c'est
donc toujours =}) 54. Kg5 $4 {donne la case g7 au Bh8 >= 54.g4 et les Blancs
triomphent Kc5 55.g5 Kxc6 (55...Kd6 56.g6 +-) 56.g6 +- et les Blancs vont
gagner le B noir et une Q blanche !} 54... Kc5 55. Be4 $4 {
les blancs ruine sa position} (55. Bb5 $142 $18 {
d'apres Fritz, mais la chance des Blancs est deja passee} 55... e4 56. g4 Kd4
57. Kf5 Kd5 58. g5 e3 59. g6 Bg7 60. Be2 Bb2 61. Bf3+ Kd6 62. Kg5 Bg7 63. Be2 (
63. Kf4 b5 64. Kxe3 bxa4 65. Be4 Ke5 66. Bb1 a3 67. Kd3 Kf6 68. Kc4 a2 69. Bxa2
69... Kxg6 $14 {et la nulle est inevitable}) 63... Ke5 {
+- d'apres Fritz, mais = en fait}) 55... b5 $11 56. axb5 a4 (56... Kxb5 57. Kf5
Kc4 58. g4 a4 59. Bc6 a3 60. Ke4 Kc3 61. Bd5 Kb2 62. g5 a2 63. Bxa2 Kxa2 64. g6
Kb3 65. Kd5 Kc3 66. Ke6 e4 67. Kf7 e3 68. g7 Bxg7 69. Kxg7 e2 70. h8=Q 70...
e1=Q $11) 57. Kf5 $14 57... a3 58. Bb1 {
58.b6!? Kxb6 59.Bd5 Kc5 60.Ke4 = comme dans la variante precedente} 58...
Kxb5 $11 59. Ba2 59... Kc5 {59...Kb4 60.g4 Kc3 61.Ke4! =} 60. Ke4 Kb4 61. Kd3
Kc5 62. g4 Kd6 63. g5 Bg7 64. Bf7 Ke7 65. Bc4 Kd6 1/2-1/2

[Event "Principal 03/04"]
[Site "?"]
[Date "2004.02.07"]
[Round "7"]
[White "Chauvet, Jean-Marc"]
[Black "Crapon, Laurent"]
[Result "1-0"]
[WhiteElo "2020"]
[BlackElo "1780"]
[PlyCount "85"]

1. e4 e5 2. Nf3 Nc6 3. Bb5 a6 4. Ba4 Nf6
5. O-O b5 6. Bb3 Bc5 7. c3 d6 8. h3 {on joue plutot 8.d4 Bb6 9.h3 +/=} 8...
h6 {meilleur est 8...Bb7 9.Re1 0-0 10.d4 Bb6 +/=} 9. a4 9... Bb7 {
9...Nxe4?? ne marche pas 10.Bd5 Bb7 11.Bxe4 +-} 10. Qe2 {
les Blancs ont decide de jouer contre l'aile-dame noire 10.d4 Bb6 +/=} 10...
O-O $11 11. axb5 axb5 12. Rxa8 Qxa8 13. d3 b4 14. Nh4 Ne7 15. Qf3 Kh7 16. Nf5
Neg8 17. Nd2 {17.Bd2!? +/=} 17... bxc3 $15 18. bxc3 18... Bc8 {
18...Qa1 19.d4 exd4 20.cxd4 Bxd4 21.Bc2 =} 19. Rd1 {
19.Bb2 Be6 20.Ra1 Qc6 +/=} 19... Bxf5 $11 20. Qxf5+ g6 21. Qf3 21... Nh5 {
21...Qa1 22.Bc4 Qxc3 23.Nb3 Nd7 +/=} 22. Nf1 Ne7 23. d4 {
l'initiative est aux Blancs} 23... exd4 24. cxd4 Bb6 25. g4 Ng7 26. Ng3 {
26.Qe3 Ng8+/-} 26... Ne6 {26...f5 27.h4 fxe4 28.Qe3 Ng8 +/=} 27. Be3 27...
Ng5 {27...c6!? +/= est une alternative interessante} 28. Bxg5 $18 28... hxg5
29. Qf6 Ng8 30. Qxg5 Qa3 31. Qe3 Ne7 32. h4 32... Nc6 {
32...c5 33.Kg2 cxd4 34.Qf3 +/-} 33. Ne2 (33. h5 $142 $5 33... Qb2 34. hxg6+
Kxg6 35. Nf5 Rh8 36. Qf3 Nxd4 (36... Bxd4 37. Nxd4 Nxd4 38. Qxf7+ Kg5 39. Qg7+
Kf4 40. Qf6+ Kxg4 41. Rxd4 $18 {et le mat suit}) 37. Nxd4 Bxd4 38. Qxf7+ Kh6
39. Bc2 Qxc2 40. Rxd4 Qc1+ 41. Kg2 Qg5 42. Rd3 $18) 33... Ne5 34. g5 Kg7 35.
Qg3 {#} 35... Nc6 $2 {>= 35...Qb2 36.Kf1 Nc6 37.Qd3 +-} 36. e5 $4 {n'est pas 
une bonne decision car l'adversaire revient dans la partie 36.Qf3 f5 37.Nf4
Nxd4 38.Rxd4 Bxd4 39.Ne6+ Kg8 40.Nxd4+ Kh8 41.Ne6 Qa1+ 42.Kg2 +-} 36... Qb2
$11 {Augmente la pression sur d4} 37. Qf3 Nxd4 (37... dxe5 $2 38. Qf6+ (38.
Qxc6 {est faible} 38... Qxb3 39. Rf1 39... Qh3 $15) 38... Kh7 39. Bxf7 (39.
Qxc6 {n'est pas possible} 39... Qxe2 40. Qf6 exd4 (40... Bxd4 $6 41. Rxd4 exd4
42. Bxf7 Qg4+ 43. Kf1 Qd1+ 44. Kg2 Qg4+ 45. Kf1 Qd1+ 46. Kg2 Qg4+ 47. Kf1 $11)
41. Qf4 $17) 39... Qb1 40. Rxb1 Rxf7 41. Qxf7+ Kh8 42. Nf4 exf4 43. Re1 Ne5 44.
Rxe5 Bc5 45. Re8+ Bf8 46. Rxf8#) 38. Qf6+ 38... Kg8 $4 (38... Kh7 $142 {
etait necessaire} 39. Nxd4 Bxd4 40. Rxd4 Qxd4 41. Bxf7 Qg4+ (41... Qxh4 $4 {
n'est pas a faire car cela conduit au mat} 42. Qxg6+ Kh8 43. Qf6+ Kh7 44. g6+
Kh6 45. Qxh4+ Kg7 46. Qh7#) 42. Kf1 Qd1+ (42... Qxh4 $4 {conduit au mat} 43.
Qxg6+ Kh8 44. Qf6+ Kh7 45. g6+ Kh6 46. Qxh4+ Kg7 47. Qh7#) 43. Kg2 Qg4+ 44. Kf1
Qd1+ (44... Qxh4 {echoue a cause de la combinaison de mat} 45. Qxg6+ Kh8 46.
Qf6+ Kh7 47. g6+ Kh6 48. Qxh4+ Kg7 49. Qh7#) 45. Kg2 Qg4+ 46. Kf1 $11) 39.
Qxg6+ $18 39... Kh8 40. Qh6+ Kg8 41. g6 Nxe2+ 42. Kh1 Ng3+ 43. fxg3 (43. fxg3
Qh2+ 44. Kxh2 Bg1+ 45. Kxg1 dxe5 46. Qh7#) 1-0

[Event "Principal 03/04"]
[Site "?"]
[Date "2004.02.07"]
[Round "7"]
[White "Cortes, Antoine"]
[Black "Zejneli, Skender"]
[Result "1-0"]
[WhiteElo "2118"]
[BlackElo "2100"]
[PlyCount "59"]

1. e4 c5 2. Nc3 d6 3. Nge2 Nc6
4. d4 cxd4 5. Nxd4 e5 6. Nf3 Nf6 7. Bg5 Be7 8. Qd2 Be6 9. Be2 9... a6 {
Controle b5} 10. O-O 10... b5 {10...Rc8 11.Rfd1 +/=} 11. Bxf6 gxf6 12. a4 b4
13. Nd5 13... a5 {13...f5!? 14.exf5 Bxf5 15.Rfe1 +/-} 14. Bb5 $16 14... Rc8
15. Nh4 O-O 16. Ba6 Rb8 17. Rad1 Nd4 18. c3 Bxd5 19. exd5 f5 20. cxd4 Bxh4 21.
dxe5 dxe5 22. d6 Rb6 23. Bb5 f4 24. Qd5 Bf6 25. Rfe1 Qa8 26. Rxe5 {
26.Qc5!? Qd8 27.d7 +-} 26... Qxd5 $16 27. Rexd5 Bxb2 28. d7 Rd8 29. Re1 {
29.Bd3!? Re6 30.Bf5 Re5 31.Rxe5 Bxe5 32.Rd5 Bc7 33.Rc5 Bb6 34.Rc6 Bd4 35.Ra6
+-} 29... Kf8 $4 {
dommage, le gros de l'orage semblait passe >= 29...Re6 30.Kf1 Bc3 31.Red1 +/=
} 30. Re8+ $18 (30. Re8+ Kg7 31. Rxd8 $18) 1-0

[Event "Principal 03/04"]
[Site "?"]
[Date "2004.03.20"]
[Round "8"]
[White "Pierrugues, Laurent"]
[Black "Zejneli, Skender"]
[Result "0-1"]
[WhiteElo "1890"]
[BlackElo "2100"]
[PlyCount "52"]

1. e4 c5 2.
Nf3 Nc6 3. d4 cxd4 4. Nxd4 Nf6 5. Nc3 d6 6. Bg5 e5 7. Ndb5 {
7.Bxf6 est la variante principale gxf6 8.Nf5 Bxf5 9.exf5 +/=} 7... a6 8. Na3
Be7 9. Bxf6 Bxf6 10. Nd5 b5 11. c3 Bg5 12. Nc2 Ne7 13. Nce3 (13. Ncb4 O-O 14.
a4 bxa4 15. Rxa4 a5 16. Nxe7+ Qxe7 17. Nd5 Qb7 18. Ra2 Be6 19. Bc4 Rfc8 20. Qd3
Qc6 21. b3 a4 22. O-O axb3 23. Rxa8 Qxa8 24. Bxb3 Qa7 25. Rb1 {
1/2-1/2 Aseev,K-Shariyazdanov,A/Elista 1996/CBM 56 (25)}) 13... Bxe3 14. Nxe3
Bb7 15. Bd3 O-O 16. Qg4 16... d5 {16...Qc8 17.Qg5 Qc7 18.0-0 =} 17. exd5 $14
17... Nxd5 18. Rd1 {la suite de la partie montre les dangers de laisser le roi
au centre >= 18.0-0-0!? est digne de consideration Qa5 19.Qe4 f5 20.Nxf5 g6
21.Ne7+ Nxe7 22.Qxb7 +/=} 18... Nxe3 $11 19. fxe3 Qb6 20. Qg3 f5 21. Qh3 {
Pire est 21.Qxe5?! Bxg2 22.Rg1 Rae8 23.Qd4 Qxd4 24.cxd4 Bf3 -/+} 21... g6 22.
Bc2 Rad8 23. Rxd8 Rxd8 24. Qh6 $4 {deteriore gravement la position} (24. Qg3
$142 $5 24... f4 $1 {prend une option pour le gain} 25. Bb3+ Bd5 26. exf4 Bxb3
27. axb3 exf4 28. Qf3 $17 (28. Qxf4 $4 28... Qe6+ 29. Kf2 Rf8 30. Qxf8+ 30...
Kxf8 $19)) 24... f4 $1 {tout est fini} 25. Ke2 $4 {mais meme un meilleur coup
n'aurait pas sauve la partie. 25.exf4 Qe3+ et mat en 3} 25... Qxe3+ 26. Kf1
Bxg2+ (26... Bxg2+ 27. Kxg2 Rd2+ 28. Kf1 Qf2#) 0-1